00773nam a22001817a 4500003000900000008004100009040007100050082001800121100001700139245006200156260003200218300002800250440002400278505023800302650001800540650001600558650001700574AR-CdUCM190305b ||||| |||| 00| 0 spa d aMUNICIPALIDAD PROVINCIAL DEL CUSCOcBIBLIOTECA MUNICIPAL DEL CUSCO a335.43 /bC70 aLenin, V. I. aLa enfermedad infantil del izquierdismo en el comunismo / aMéxico:bGrijalbo,c1974. a159 páginas ;c19 cm. aColección 70n140 aContenido : ¿En que sentido puede hablarse de la importancia internacional de la revolución rusa? -- Una de las condiciones fundamentales del éxito de los bolcheviques -- Las etapas principales de la historia del bolchevismo ... aIzquierdismo. aBolchevismo aSociología